00848nam a2200265 4500003000400000005001700004008004100021020001500062040001800077041000800095050002100103100002700124245005800151264003000209300004100239336002200280337002400302338002400326490003800350600007300388650004900461650004000510942001500550999001700565OSt20260530115307.0260430t2006 bl a|||| |||| 00| 0 eng d a8586518565 aICIbspacICI aeng 4aNK2461.B73bS2531 aBorges, Adelia,eautor10aClaudia Moreira Salles :bdesigner /cAdelia Borges.  1aSão Paulo :bBEI,c2005 a160 páginasbilustraciones (color) atexto2rdacontent asin medio2rdamedia avolumen2rdacarrier aColeção Designers Brasileiros1 aMoreira Salles, Claudia,d1955-xCrítica e interpretación93214314aDiseño de mueblesySiglo XXzBrasil93214414aMueblesvCatálogoszBrasil932145 2lcccBKn1 c13136d13136